L'industrie des metaux non ferreux the non-ferrous metals industry

Zapisane w:
Opis bibliograficzny
Format: Książka
Język:Undetermined
Wydane: Paris OECD 1973
Hasła przedmiotowe:
Etykiety: Dodaj etykietę
Nie ma etykietki, Dołącz pierwszą etykiete!
Thư viện lưu trữ: Trung tâm Học liệu Trường Đại học Cần Thơ
LEADER 00470nam a2200169Ia 4500
001 CTU_99464
008 210402s9999 xx 000 0 und d
082 |a 338.47673 
082 |b I.59 
245 0 |a L'industrie des metaux non ferreux the non-ferrous metals industry 
260 |a Paris 
260 |b OECD 
260 |c 1973 
650 |a Nonferrous metal industries 
650 |x Statistics 
904 |i Truc 
980 |a Trung tâm Học liệu Trường Đại học Cần Thơ